| 000 | 00994nac a22002771u 4500 | ||
|---|---|---|---|
| 003 | EG-ScBUE | ||
| 005 | 20220509123133.0 | ||
| 008 | 100920r20021997enk f 000 0 eng d | ||
| 020 | _a9780521634533 | ||
| 020 | _a9770520535 (low price egyptian edition paperback) | ||
| 040 |
_aEG-ScBUE _beng _erda _cEG-ScBUE _dEG-ScBUE |
||
| 082 | 0 | 4 |
_a423.1 _bCAM _222 |
| 245 | 0 | 0 | _aCambridge international dictionary of phrasal verbs. |
| 250 |
_aLow price egyptian edition, _bReprint edition. |
||
| 264 | 1 |
_aCambridge : _bCambridge University Press, _c2002. |
|
| 300 |
_axiii, 381 pages ; _c21 cm |
||
| 336 |
_2rdacontent _atext _btxt |
||
| 337 |
_2rdamedia _aunmediated _bn |
||
| 338 |
_2rdacarrier _avolume _bnc |
||
| 650 | 7 |
_aEnglish language _xVerb phrase _xDictionaries. _919590 _2BUEsh |
|
| 651 | _2BUEsh | ||
| 653 |
_bHHUUEENN _cMay2022 |
||
| 655 |
_vReading book _934232 |
||
| 856 | 4 | 2 |
_3Publisher description _uhttp://www.loc.gov/catdir/description/cam028/97034348.html |
| 942 |
_cREFERENCE _k423.1 _2ddc |
||
| 999 |
_c8811 _d8811 |
||